00466 2200181 4500001002100000005001700021006001900038008004100057020002200098035002500120090001700145100002100162245001200183260003800195990001700233990001700250990001700267INLIS00000000000837320140307094934.0a ||| | 180719| ||| |  a978-979-29-1450-4 a0010-081300000000010 a004.0285 - b0 aMaria Agustina S00aSPSS 17 aYogyakartabC.V ANDI OFFSETc2010 a8538/PN/2013 a8898/PN/2013 a8538/PN/2013